| 000 | 00377cam a22001337a 4500 | ||
|---|---|---|---|
| 008 | 180718b2007 xxu||||| |||| 00| 0 eng d | ||
| 020 | _a9780275994709 | ||
| 082 | _aI2196 Su71 | ||
| 100 | _aSun, Ted | ||
| 245 |
_aSurvival tactics : the top 11 behaviors of successful entrepreneurs _cTed Sun |
||
| 260 |
_aLondon _bPraeger _c2007 |
||
| 300 | _a198p. | ||
| 650 | _aEntrepreneurship | ||
| 999 |
_c444750 _d444750 |
||